000 00329 a2200121 4500
003 Nust
005 20170207154601.0
040 _cNust
082 _a025.34
245 _aGetting on in english lessons : Units : 1-6, side 1: units: 7-11, side 2
505 _aAlmirah No.73 shelf No.6
650 _aEnglish learning
651 _aGetting on in english lessons
999 _c198591
_d198591